Répartition des arbres forestiers en France en volume - Statistiques

Statistiques générales
  • Ce quiz a été pris 10 257 fois
  • Le résultat moyen est 8 sur 13
Réponses sur la Carte
Les réponses sont colorées sur une échelle allant du rouge au vert en fonction du pourcentage des utilisateurs qui les ont devinées à leur premier essai. Vous pouvez retrouver ces pourcentages ci-dessous.
 
Statistiques - réponses
Réponse % Correct
Chêne pédonculé
96%
Chêne pubescent
96%
Chêne rouvre
96%
Chêne vert
96%
Sapin pectiné
92%
Pin maritime
78%
Pin sylvestre
78%
Hêtre
55%
Châtaignier
35%
Épicéa commun
34%
Frêne
29%
Charme
17%
Douglas
10%
Aucun quiz correspondant
Distribution des résultats
% des personnes avec chaque résultat
Percentile par nombre de réponses
Votre historique - résultats
Vous n’avez pas pris ce quiz